ბათუმის შოთა რუსთაველის სახელმწიფო უნივერსიტეტის ბიბლიოთეკა

Clinical Anatomy : An Illustrated review with Questions and Explanations / (ბიბ.ჩანაწერი № 54244)

000 -LEADER
fixed length control field 00924nam a2200277Ia 4500
001 - CONTROL NUMBER
control field 21300
003 - CONTROL NUMBER IDENTIFIER
control field GE_BSU
005 - DATE AND TIME OF LATEST TRANSACTION
control field 20211021152034.0
008 - FIXED-LENGTH DATA ELEMENTS--GENERAL INFORMATION
fixed length control field 181216s ||||enk|||||||||||||| ||eng||
020 ## - INTERNATIONAL STANDARD BOOK NUMBER
International Standard Book Number 9780781743167
040 ## - CATALOGING SOURCE
Transcribing agency GE_BSU
041 ## - LANGUAGE CODE
Language code of text/sound track or separate title eng
080 ## - UNIVERSAL DECIMAL CLASSIFICATION NUMBER
Universal Decimal Classification number 611.84 S-69
100 ## - MAIN ENTRY--PERSONAL NAME
Personal name Snell, Richard S.
9 (RLIN) 10310
245 ## - TITLE STATEMENT
Title Clinical Anatomy : An Illustrated review with Questions and Explanations /
Statement of responsibility, etc. Richard S. Snell ; Editor Belly Sun.
250 ## - EDITION STATEMENT
Edition statement Fourth edition
264 ## - PRODUCTION, PUBLICATION, DISTRIBUTION, MANUFACTURE, AND COPYRIGHT NOTICE
Place of production, publication, distribution, manufacture Philadelfia :
Name of producer, publisher, distributor, manufacturer Lippincott Williams & Wilkins,
Date of production, publication, distribution, manufacture, or copyright notice 2004.
300 ## - PHYSICAL DESCRIPTION
Extent 305 p. ;
Dimensions 25 cm.
653 ## - INDEX TERM--UNCONTROLLED
keyword Clinical Anatomy : An Illustrated review with Questions and Explanations
653 ## - INDEX TERM--UNCONTROLLED
keyword Клиническая анатомия
653 ## - INDEX TERM--UNCONTROLLED
keyword კლინიკური ანატომია
653 ## - INDEX TERM--UNCONTROLLED
keyword მედიცინა
700 ## - ADDED ENTRY--PERSONAL NAME
Personal name Sun, Belly
Dates associated with a name Editor
9 (RLIN) 12704
942 ## - ADDED ENTRY ELEMENTS (KOHA)
Koha item type წიგნი
Source of classification or shelving scheme
ეგზემპლარები
Withdrawn status Lost status Source of classification or shelving scheme Damaged status Not for loan Permanent Location Current Location Shelving location Date acquired Cost, normal purchase price Full call number Barcode Date last seen Copy number Price effective from Koha item type Public note
          ბათუმის შოთა რუსთაველის სახელმწიფო უნივერსიტეტის მთავარი ბიბლიოთეკა ბათუმის შოთა რუსთაველის სახელმწიფო უნივერსიტეტის მთავარი ბიბლიოთეკა წიგნსაცავი 2018-12-17 264.00 611.84 S-69 55210 2018-12-17 55210 2018-12-17 წიგნი 264.00 GEL.